000 00843nam a2200253 a 4500
999 _c2341
_d2341
008 200310s2018 ii adb|g m|||a00| 0 eng d
040 _aKO
_beng
041 0 _aeng
044 _aii
082 0 4 _223
_a378.242
_bIRM1704
100 1 _aPatil, Ankit
_eResearcher
245 1 0 _aOrganization Study of Cochin Port Trust /
_cAnkit Patil ; Guide Dr. Yogamala H. L.
260 _aKochi :
_bIndian Maritime University,
_c2018
300 _a29 p. :
_bill., charts, maps ;
_c29 cm.
490 0 _aMBA Internship 2017-19 ;
_v1705305004
502 _aInternship (MBA)–Indian Maritime University. School of Maritime Management, 2019.
610 2 0 _aCochin Port Trust
650 0 _aOrganization
_xResearch
655 7 _2lcsh
_aDissertations, Academic
_y2018
700 1 _aH. L., Yogamala
_cDr.
_eGuide
904 _aReshma_R
942 _cTH